00723nac a22002051u 4500010001700000020003500017082001700052090000800069100003400077245004300111250001200154260006600166300003800232500002000270650002500290650002600315942001900341999001300360952014400373 a 2003068968 a0131451413 (pbk. : alk. paper)00a005.74bK932 c460 aKroenke, David. 10aDatabase concepts /cDavid M. Kroenke. a2nd ed. aUpper Saddle River, N.J. :bPearson/Prentice Hall,2005c2005. axv, 237 p. :bcol. ill. ;c28 cm. aIncludes index. 0aDatabase management. 0aRelational databases. cBBk005.74K932 c460d460 00102ddc40708 aMAINbMAINcLOWd2006-05-31epurchaseg217.50l3m5o005.74 KROp000004164r2025-07-15 00:00:00s2023-02-07v271.88yBB